000 00145nam a22000857a 4500
082 _a823
100 _aGEORGE
245 _aSILAS MARRIER
942 _cBK
999 _c8110
_d8110